000 00413 a2200157 4500
001 169210
020 _a
040 _cMagnum
100 _aNaspolini, Ana Tereza
240 1 0 _aDidatica de portugues: tijolo por tijolo: leitura e producao escrita
_lpor
245 1 0 _aDidatica de portugues: tijolo por tijolo: leitura e producao escrita
362 0 _a1899
440 1 _aFTD
697 _aENSINO
942 _cBK
999 _c169210
_d169210